[Event "2. Rethymno Open"]
[Site "Rethymno GRE"]
[Date "2010.07.13"]
[Round "1.1"]
[White "Sargissian, Gabriel"]
[Black "Khoo, Selina"]
[Result "1-0"]
[WhiteElo "2673"]
[BlackElo "1978"]
[PlyCount "41"]
[EventDate "2010.07.13"]
[EventType "swiss"]
[EventRounds "9"]
[EventCountry "GRE"]
[Source "lmi"]
[SourceDate "2010.07.13"]

1. d4 d5 2. c4 c6 3. Nc3 dxc4 4. e4 b5 5. a4 b4 6. Na2 a5 7. Bxc4 Nf6 8. f3 Ba6
9. Qb3 e6 10. Be3 Be7 11. Ne2 O-O 12. O-O Qd7 13. Nac1 Rc8 14. Nd3 Qb7 15. Rac1
Nbd7 16. Rfd1 Nb6 17. Bxa6 Qxa6 18. Nef4 Kh8 19. Ne5 Kg8 20. Nxe6 Nbd7 21. Nxg7
1-0

[Event "2. Rethymno Open"]
[Site "Rethymno GRE"]
[Date "2010.07.13"]
[Round "1.2"]
[White "Iasman, Inna"]
[Black "Turov, Maxim"]
[Result "0-1"]
[WhiteElo "1973"]
[BlackElo "2628"]
[PlyCount "58"]
[EventDate "2010.07.13"]
[EventType "swiss"]
[EventRounds "9"]
[EventCountry "GRE"]
[Source "lmi"]
[SourceDate "2010.07.13"]

1. d4 Nf6 2. c4 c5 3. d5 b5 4. cxb5 a6 5. e3 Bb7 6. Nc3 e6 7. dxe6 fxe6 8. Nf3
d5 9. Be2 Bd6 10. O-O O-O 11. a4 Kh8 12. h3 e5 13. b3 e4 14. Ne1 d4 15. bxa6
Nxa6 16. Nb5 d3 17. Bg4 Be5 18. Ra2 Nb4 19. Rd2 Nxg4 20. Qxg4 Qd5 21. Bb2 Bxb2
22. Rxb2 d2 23. Nc2 Qe5 24. Ncd4 cxd4 25. Nxd4 Ba6 26. Rd1 Rxf2 27. Rbxd2 Rf6
28. Rc1 Raf8 29. Rdd1 Nd5 0-1

[Event "2. Rethymno Open"]
[Site "Rethymno GRE"]
[Date "2010.07.13"]
[Round "1.4"]
[White "Segerberg, Tomas"]
[Black "David, Alberto"]
[Result "0-1"]
[WhiteElo "1949"]
[BlackElo "2622"]
[PlyCount "52"]
[EventDate "2010.07.13"]
[EventType "swiss"]
[EventRounds "9"]
[EventCountry "GRE"]
[Source "lmi"]
[SourceDate "2010.07.13"]

1. c4 Nf6 2. Nc3 e5 3. Nf3 Nc6 4. d4 exd4 5. Nxd4 Bc5 6. Nxc6 bxc6 7. g3 O-O 8.
Bg2 Re8 9. O-O Ba6 10. Qa4 Qc8 11. Bg5 Bd4 12. Bxf6 Bxf6 13. e4 Rb8 14. Rab1
Qb7 15. Nd1 Bd4 16. Qc2 Qb4 17. Rc1 c5 18. b3 Bb7 19. Rb1 Qa5 20. Kh1 Re6 21.
f3 Ra6 22. a4 Bc6 23. Nf2 Qc3 24. Qxc3 Bxc3 25. Nd3 Rab6 26. Rfd1 d6 0-1

[Event "2. Rethymno Open"]
[Site "Rethymno GRE"]
[Date "2010.07.13"]
[Round "1.5"]
[White "Kryvoruchko, Yuriy"]
[Black "Papadogiannis, Sevastianos"]
[Result "1-0"]
[WhiteElo "2609"]
[BlackElo "1946"]
[PlyCount "71"]
[EventDate "2010.07.13"]
[EventType "swiss"]
[EventRounds "9"]
[EventCountry "GRE"]
[Source "lmi"]
[SourceDate "2010.07.13"]

1. e4 c5 2. Nf3 d6 3. c3 Nf6 4. h3 e6 5. Bd3 Be7 6. O-O Nc6 7. Bc2 Qc7 8. Re1
Bd7 9. d4 cxd4 10. cxd4 O-O 11. Nc3 Rfd8 12. Bg5 h6 13. Bh4 a6 14. a3 Be8 15.
Rc1 Qb6 16. b4 Nd7 17. Bxe7 Nxe7 18. Qd3 Rac8 19. Bb1 Ng6 20. Qe2 Ngf8 21. Red1
Qa7 22. e5 dxe5 23. dxe5 Nb8 24. Ne4 Bb5 25. Rxc8 Rxc8 26. Qd2 Ba4 27. Nd6 Rc7
28. Re1 Bc6 29. Nh2 Nbd7 30. Ng4 Nb6 31. Re3 Ng6 32. Rg3 Kf8 33. Bxg6 fxg6 34.
Qf4+ Kg8 35. Nxh6+ Kh7 36. Nhf7 1-0

[Event "2. Rethymno Open"]
[Site "Rethymno GRE"]
[Date "2010.07.13"]
[Round "1.7"]
[White "Volkov, Sergey"]
[Black "Reginato, Sabrina"]
[Result "1-0"]
[WhiteElo "2597"]
[BlackElo "1928"]
[PlyCount "52"]
[EventDate "2010.07.13"]
[EventType "swiss"]
[EventRounds "9"]
[EventCountry "GRE"]
[Source "lmi"]
[SourceDate "2010.07.13"]

1. d4 d5 2. c4 e6 3. Nc3 Be7 4. cxd5 exd5 5. Bf4 Bf5 6. Qb3 Nc6 7. Qxb7 Nxd4 8.
O-O-O Ne6 9. Rxd5 Qc8 10. Qxc8+ Rxc8 11. Rxf5 g6 12. Ra5 Nxf4 13. e3 Ne6 14.
Ba6 Rd8 15. Bb5+ Kf8 16. Rxa7 Nf6 17. Nf3 Bd6 18. Bc4 Kg7 19. Bxe6 fxe6 20. Ng5
Rhe8 21. Nge4 Rd7 22. Nxf6 Kxf6 23. Ne4+ Ke7 24. Rd1 Red8 25. Nxd6 cxd6 26.
Rxd7+ Kxd7 1-0

[Event "2. Rethymno Open"]
[Site "Rethymno GRE"]
[Date "2010.07.13"]
[Round "1.8"]
[White "Serntedakis, Athanasios"]
[Black "Vorobiov, Evgeny E"]
[Result "1/2-1/2"]
[WhiteElo "1906"]
[BlackElo "2592"]
[PlyCount "87"]
[EventDate "2010.07.13"]
[EventType "swiss"]
[EventRounds "9"]
[EventCountry "GRE"]
[Source "lmi"]
[SourceDate "2010.07.13"]

1. e4 c5 2. Nc3 e6 3. g3 Nc6 4. Bg2 g6 5. d3 Bg7 6. h3 Nge7 7. h4 d5 8. h5 d4
9. Nce2 e5 10. h6 Bf6 11. f4 Bg4 12. Nf3 Qd7 13. O-O Rf8 14. Bd2 exf4 15. Bxf4
Bxf3 16. Bxf3 Be5 17. Qd2 f6 18. Rae1 O-O-O 19. Bxe5 Nxe5 20. Nf4 g5 21. Nd5
Nxd5 22. exd5 Nxf3+ 23. Rxf3 Qg4 24. Qf2 Rxd5 25. Re7 Rd7 26. Qe2 Rfd8 27. Kg2
Qh5 28. Rxf6 g4 29. Qe5 Qh3+ 30. Kf2 Qh2+ 31. Kf1 Qh1+ 32. Kf2 Qh2+ 33. Kf1
Qh1+ 34. Kf2 Rxe7 35. Qxe7 Qh2+ 36. Kf1 Qxc2 37. Qxh7 c4 38. Qf5+ Kb8 39. h7
Qd1+ 40. Kg2 Qe2+ 41. Kg1 Qe3+ 42. Kg2 Qe2+ 43. Kg1 Qe3+ 44. Kg2 1/2-1/2

[Event "2. Rethymno Open"]
[Site "Rethymno GRE"]
[Date "2010.07.13"]
[Round "1.9"]
[White "Banikas, Hristos"]
[Black "Alibinisis, Nikolaos"]
[Result "1-0"]
[WhiteElo "2591"]
[BlackElo "1896"]
[PlyCount "45"]
[EventDate "2010.07.13"]
[EventType "swiss"]
[EventRounds "9"]
[EventCountry "GRE"]
[Source "lmi"]
[SourceDate "2010.07.13"]

1. d4 e6 2. c4 f5 3. g3 Nf6 4. Bg2 c6 5. Nh3 d5 6. Qc2 Bd6 7. O-O O-O 8. Bf4
Qe7 9. Nd2 Nbd7 10. cxd5 Nxd5 11. Bxd6 Qxd6 12. e4 Ne7 13. Nf4 Nb6 14. a4 fxe4
15. Nxe4 Qxd4 16. Ng5 Rf5 17. Rfd1 Qxd1+ 18. Rxd1 Rxg5 19. Rd8+ Kf7 20. Qxh7
Bd7 21. Rxa8 Nxa8 22. h4 Rg4 23. Qh5+ 1-0

[Event "2. Rethymno Open"]
[Site "Rethymno GRE"]
[Date "2010.07.13"]
[Round "1.10"]
[White "Graifer, Michail"]
[Black "Werle, Jan"]
[Result "0-1"]
[WhiteElo "1888"]
[BlackElo "2585"]
[PlyCount "30"]
[EventDate "2010.07.13"]
[EventType "swiss"]
[EventRounds "9"]
[EventCountry "GRE"]
[Source "lmi"]
[SourceDate "2010.07.13"]

1. e4 e5 2. Nf3 Nc6 3. Nc3 Nf6 4. Bb5 Bb4 5. O-O O-O 6. d3 d6 7. Bg5 Bxc3 8.
bxc3 Qe7 9. Nd2 h6 10. Be3 Ng4 11. h3 Nxe3 12. fxe3 Nd8 13. d4 exd4 14. exd4
Qg5 15. Kh1 Qxb5 0-1

[Event "2. Rethymno Open"]
[Site "Rethymno GRE"]
[Date "2010.07.13"]
[Round "1.11"]
[White "Postny, Evgeny"]
[Black "Zeppos, Panagiotis"]
[Result "1-0"]
[WhiteElo "2577"]
[BlackElo "1886"]
[PlyCount "51"]
[EventDate "2010.07.13"]
[EventType "swiss"]
[EventRounds "9"]
[EventCountry "GRE"]
[Source "lmi"]
[SourceDate "2010.07.13"]

1. c4 Nf6 2. Nc3 c5 3. Nf3 Nc6 4. d4 cxd4 5. Nxd4 e6 6. Bf4 Bb4 7. Ndb5 O-O 8.
Bc7 Qe7 9. Bd6 Bxd6 10. Qxd6 Ne8 11. Qxe7 Nxe7 12. O-O-O a6 13. Nd6 Nxd6 14.
Rxd6 Rd8 15. e4 Nc6 16. c5 Kf8 17. Be2 Ke7 18. Rhd1 a5 19. Na4 f6 20. f4 g5 21.
g3 Nb4 22. a3 Na6 23. f5 Nc7 24. Nb6 Rb8 25. Bc4 e5 26. Be6 1-0

[Event "2. Rethymno Open"]
[Site "Rethymno GRE"]
[Date "2010.07.13"]
[Round "1.12"]
[White "Naoum, Spyridon"]
[Black "Parligras, Mircea"]
[Result "0-1"]
[WhiteElo "1884"]
[BlackElo "2574"]
[PlyCount "62"]
[EventDate "2010.07.13"]
[EventType "swiss"]
[EventRounds "9"]
[EventCountry "GRE"]
[Source "lmi"]
[SourceDate "2010.07.13"]

1. d4 Nf6 2. c4 e6 3. Nc3 Bb4 4. g3 c5 5. Nf3 Ne4 6. Qd3 Qa5 7. Qxe4 Bxc3+ 8.
Bd2 Bxd2+ 9. Nxd2 Nc6 10. dxc5 b6 11. Bg2 Bb7 12. a3 Nd8 13. Qxb7 Nxb7 14. Bxb7
Rb8 15. b4 Qa4 16. Bf3 bxc5 17. O-O O-O 18. Ne4 cxb4 19. Nc5 Qc2 20. Nxd7 b3
21. Rac1 Qf5 22. c5 b2 23. Rb1 Qc2 24. Nxb8 Rxb8 25. c6 Kf8 26. e3 Ke7 27. Kg2
Rd8 28. c7 Rc8 29. Rfd1 Rxc7 30. Kg1 Qxb1 31. Rxb1 Rc1+ 0-1

[Event "2. Rethymno Open"]
[Site "Rethymno GRE"]
[Date "2010.07.13"]
[Round "1.13"]
[White "Zubarev, Alexander"]
[Black "Haria, Ravi"]
[Result "1-0"]
[WhiteElo "2562"]
[BlackElo "1884"]
[PlyCount "67"]
[EventDate "2010.07.13"]
[EventType "swiss"]
[EventRounds "9"]
[EventCountry "GRE"]
[Source "lmi"]
[SourceDate "2010.07.13"]

1. d4 Nf6 2. Nf3 g6 3. c4 c5 4. d5 b5 5. cxb5 a6 6. b6 d6 7. Nc3 Nbd7 8. a4 a5
9. e4 Bg7 10. Bb5 O-O 11. O-O Qxb6 12. Bf4 Ba6 13. Nd2 Bxb5 14. axb5 Rfb8 15.
Nc4 Qd8 16. h3 Nh5 17. Bh2 Bxc3 18. bxc3 Rxb5 19. f4 Nb6 20. Ne3 Qc7 21. c4 Rb4
22. Qc2 Nd7 23. e5 Rab8 24. Ng4 Nb6 25. f5 Rxc4 26. Qe2 Rf8 27. fxg6 hxg6 28.
Nh6+ Kg7 29. exd6 exd6 30. Nf5+ gxf5 31. Qxh5 Qe7 32. Ra3 Rh8 33. Qxf5 Rd4 34.
Bxd6 1-0

[Event "2. Rethymno Open"]
[Site "Rethymno GRE"]
[Date "2010.07.13"]
[Round "1.15"]
[White "Kharitonov, Alexandr"]
[Black "Georgiou, K Andreas"]
[Result "1-0"]
[WhiteElo "2548"]
[BlackElo "1856"]
[PlyCount "37"]
[EventDate "2010.07.13"]
[EventType "swiss"]
[EventRounds "9"]
[EventCountry "GRE"]
[Source "lmi"]
[SourceDate "2010.07.13"]

1. d4 d5 2. c4 c6 3. Nc3 Nf6 4. e3 a6 5. Qc2 e6 6. Nf3 Nbd7 7. b3 Be7 8. Bd3 c5
9. cxd5 exd5 10. O-O b5 11. dxc5 Nxc5 12. Bb2 Bb7 13. Bf5 g6 14. Bh3 O-O 15.
Rfd1 Qb6 16. Rac1 Ne6 17. Ne2 Ne4 18. Bxe6 fxe6 19. Qc7 1-0

[Event "2. Rethymno Open"]
[Site "Rethymno GRE"]
[Date "2010.07.13"]
[Round "1.17"]
[White "Rychagov, Andrey"]
[Black "Serntedakis, Georgios"]
[Result "1-0"]
[WhiteElo "2538"]
[BlackElo "1842"]
[PlyCount "49"]
[EventDate "2010.07.13"]
[EventType "swiss"]
[EventRounds "9"]
[EventCountry "GRE"]
[Source "lmi"]
[SourceDate "2010.07.13"]

1. d4 e6 2. c4 d5 3. Nf3 Nf6 4. Nc3 Bb4 5. Bg5 Nbd7 6. e3 c5 7. cxd5 Qa5 8.
dxe6 fxe6 9. Qb3 Nd5 10. Rc1 O-O 11. a3 Bxc3+ 12. bxc3 N7f6 13. Bd3 Qc7 14. Bh4
cxd4 15. Bg3 Qa5 16. exd4 Bd7 17. O-O Nh5 18. Qxb7 Qd8 19. Ne5 Nhf6 20. c4 Rb8
21. Qxa7 Ra8 22. Qc5 Ra5 23. Qd6 Nc7 24. Nxd7 Nxd7 25. Qxc7 1-0

[Event "2. Rethymno Open"]
[Site "Rethymno GRE"]
[Date "2010.07.13"]
[Round "1.19"]
[White "Tukhaev, Adam"]
[Black "Vandersmissen, Hans"]
[Result "1-0"]
[WhiteElo "2518"]
[BlackElo "1809"]
[PlyCount "61"]
[EventDate "2010.07.13"]
[EventType "swiss"]
[EventRounds "9"]
[EventCountry "GRE"]
[Source "lmi"]
[SourceDate "2010.07.13"]

1. e4 c6 2. d4 d5 3. Nc3 dxe4 4. Nxe4 Bf5 5. Nc5 Qc7 6. Bd3 Bg6 7. h4 Bxd3 8.
Nxd3 Nd7 9. Bf4 Qb6 10. Nf3 e6 11. Qe2 Ne7 12. O-O-O Nd5 13. c4 Nxf4 14. Nxf4
Qc7 15. Nd3 Qa5 16. Kb1 Be7 17. Nde5 Rd8 18. h5 Bf6 19. g4 Bxe5 20. dxe5 Ke7
21. h6 Rhg8 22. Qe3 gxh6 23. Qf4 Rg6 24. Rd6 f6 25. Rxe6+ Kxe6 26. Qf5+ Ke7 27.
exf6+ Rxf6 28. Qxa5 Nb6 29. Qc5+ Rdd6 30. Nd4 Kd7 31. Nf5 1-0

[Event "2. Rethymno Open"]
[Site "Rethymno GRE"]
[Date "2010.07.13"]
[Round "1.20"]
[White "Detsikas, Dimitrios"]
[Black "Pap, Misa"]
[Result "0-1"]
[WhiteElo "1807"]
[BlackElo "2509"]
[PlyCount "30"]
[EventDate "2010.07.13"]
[EventType "swiss"]
[EventRounds "9"]
[EventCountry "GRE"]
[Source "lmi"]
[SourceDate "2010.07.13"]

1. e4 e5 2. Nf3 Nc6 3. Bb5 f5 4. d4 fxe4 5. Bxc6 bxc6 6. Nxe5 Nf6 7. Ng4 d5 8.
Nxf6+ Qxf6 9. O-O Bd6 10. Be3 O-O 11. Qe2 Qh4 12. g3 Qh3 13. Nd2 Bg4 14. f3
exf3 15. Nxf3 Qh5 0-1

[Event "2. Rethymno Open"]
[Site "Rethymno GRE"]
[Date "2010.07.14"]
[Round "2.1"]
[White "Bensdorp, Marlies"]
[Black "Sargissian, Gabriel"]
[Result "0-1"]
[WhiteElo "2301"]
[BlackElo "2673"]
[PlyCount "102"]
[EventDate "2010.07.13"]
[EventType "swiss"]
[EventRounds "9"]
[EventCountry "GRE"]
[Source "lmi"]
[SourceDate "2010.07.13"]

1. d4 Nf6 2. c4 e6 3. Nf3 d5 4. e3 Be7 5. Nbd2 O-O 6. Bd3 c5 7. cxd5 cxd4 8.
exd4 exd5 9. O-O Nc6 10. h3 Bd6 11. Re1 Re8 12. Rxe8+ Qxe8 13. Nf1 h6 14. Ne3
Be6 15. Bd2 Ne4 16. Be1 f5 17. Qb3 Qf7 18. Bf1 g5 19. Nc2 g4 20. Nd2 h5 21. Rd1
Nf6 22. h4 Rc8 23. Nb1 Ne7 24. Nc3 Ng6 25. g3 Bb8 26. Nb4 Ne4 27. Bg2 Rd8 28.
Nxe4 dxe4 29. d5 Bd7 30. Nc2 Ne5 31. Nd4 Bd6 32. Bd2 Nd3 33. Ne6 Re8 34. Ng5
Qe7 35. Be3 b6 36. a3 Nc5 37. Qc3 Nd3 38. Bf1 Rc8 39. Qb3 Qe8 40. Qa2 Bb5 41.
b3 Qe5 42. Qa1 Qxa1 43. Rxa1 Be5 44. Ra2 Bd7 45. a4 Nc1 46. Bxc1 Rxc1 47. Kg2
Kf8 48. Bc4 Ke7 49. Rd2 a5 50. d6+ Bxd6 51. Bd5 Re1 0-1

[Event "2. Rethymno Open"]
[Site "Rethymno GRE"]
[Date "2010.07.14"]
[Round "2.2"]
[White "Turov, Maxim"]
[Black "Schut, Lisa"]
[Result "1/2-1/2"]
[WhiteElo "2628"]
[BlackElo "2286"]
[PlyCount "105"]
[EventDate "2010.07.13"]
[EventType "swiss"]
[EventRounds "9"]
[EventCountry "GRE"]
[Source "lmi"]
[SourceDate "2010.07.13"]

1. d4 Nf6 2. Nf3 g6 3. g3 Bg7 4. Bg2 d5 5. O-O O-O 6. c4 dxc4 7. Na3 Be6 8. Ng5
Bd5 9. e4 h6 10. exd5 hxg5 11. Nxc4 Nxd5 12. Qb3 Nc6 13. Qxb7 Qd7 14. Qb5 Rfd8
15. Ne3 e6 16. Nxd5 exd5 17. Bxg5 Nxd4 18. Qd3 Re8 19. Be3 c5 20. Rac1 Rac8 21.
Kh1 c4 22. Qd1 Nf5 23. Qxd5 Qxd5 24. Bxd5 Bxb2 25. Rxc4 Rcd8 26. Rd1 Nxe3 27.
fxe3 Be5 28. Ra4 Rd7 29. Kg2 Rb8 30. Kf3 Rb2 31. Bb3 Rxd1 32. Bxd1 Rxh2 33.
Rxa7 f5 34. Bb3+ Kf8 35. a4 Rh3 36. Ra5 Rxg3+ 37. Kf2 Bf4 38. Ra8+ Ke7 39. Ra7+
Kd6 40. Ra6+ Kc5 41. Ra5+ Kd6 42. Ra6+ Kc5 43. Re6 Bc7 44. a5 f4 45. a6 fxe3+
46. Ke2 Bb6 47. Ba4 Ba7 48. Re7 Kb6 49. Bd7 Kxa6 50. Bc8+ Kb6 51. Kd3 e2+ 52.
Kxe2 Ra3 53. Rg7 1/2-1/2

[Event "2. Rethymno Open"]
[Site "Rethymno GRE"]
[Date "2010.07.14"]
[Round "2.3"]
[White "Goumas, Georgios"]
[Black "Iordachescu, Viorel"]
[Result "1/2-1/2"]
[WhiteElo "2298"]
[BlackElo "2623"]
[PlyCount "91"]
[EventDate "2010.07.13"]
[EventType "swiss"]
[EventRounds "9"]
[EventCountry "GRE"]
[Source "lmi"]
[SourceDate "2010.07.13"]

1. e4 e5 2. Nf3 Nc6 3. Bc4 Nf6 4. d3 Be7 5. O-O O-O 6. Re1 d6 7. a4 h6 8. h3
Be6 9. Nbd2 Nh7 10. a5 a6 11. c3 Ng5 12. Nxg5 Bxg5 13. Qb3 Qd7 14. Nf1 Bxc1 15.
Rexc1 g6 16. Rd1 Kg7 17. d4 Bxc4 18. Qxc4 Rae8 19. Ng3 h5 20. dxe5 h4 21. Ne2
Rxe5 22. f4 Qe6 23. Ra4 Qxc4 24. Rxc4 Re7 25. e5 dxe5 26. fxe5 Rxe5 27. Nd4 Re4
28. Rc5 Nxd4 29. Rxd4 Rxd4 30. cxd4 Rc8 31. b4 c6 32. d5 Kf6 33. Kf2 Ke7 34.
Kf3 Kd6 35. Kg4 Re8 36. dxc6 bxc6 37. Rc4 Rh8 38. Rf4 Ke6 39. Rc4 Kd5 40. Rf4
Ke6 41. Rc4 Kd6 42. Rf4 Ke7 43. Rc4 Kd7 44. Rf4 Ke7 45. Rc4 Kd6 46. Rf4 1/2-1/2

[Event "2. Rethymno Open"]
[Site "Rethymno GRE"]
[Date "2010.07.14"]
[Round "2.5"]
[White "Tchantcev, Chaliko"]
[Black "Kryvoruchko, Yuriy"]
[Result "0-1"]
[WhiteElo "2284"]
[BlackElo "2609"]
[PlyCount "70"]
[EventDate "2010.07.13"]
[EventType "swiss"]
[EventRounds "9"]
[EventCountry "GRE"]
[Source "lmi"]
[SourceDate "2010.07.13"]

1. d4 Nf6 2. Nf3 e6 3. c4 c5 4. d5 b5 5. Bg5 b4 6. Nbd2 d6 7. e4 Be7 8. dxe6
Bxe6 9. Be2 O-O 10. O-O Nc6 11. h3 Nd7 12. Be3 Bf6 13. Qc2 Be5 14. Rad1 Qf6 15.
Nb3 Qe7 16. Nc1 a5 17. Nd3 a4 18. Ndxe5 dxe5 19. Qd2 Nd4 20. Bxd4 cxd4 21. Rc1
Rfc8 22. Ne1 Rab8 23. Bd3 b3 24. a3 Nb6 25. Qe2 Rc5 26. Nf3 Rbc8 27. Nd2 Qc7
28. Qh5 f6 29. Be2 Nxc4 30. Nxc4 Bxc4 31. Rxc4 Rxc4 32. Bg4 Qf7 33. Qh4 R8c6
34. Kh2 Rc1 35. Rxc1 Rxc1 0-1

[Event "2. Rethymno Open"]
[Site "Rethymno GRE"]
[Date "2010.07.14"]
[Round "2.6"]
[White "Borovikov, Vladislav"]
[Black "Sgnaolin, Davide"]
[Result "1-0"]
[WhiteElo "2601"]
[BlackElo "2255"]
[PlyCount "85"]
[EventDate "2010.07.13"]
[EventType "swiss"]
[EventRounds "9"]
[EventCountry "GRE"]
[Source "lmi"]
[SourceDate "2010.07.13"]

1. d4 Nf6 2. Nf3 e6 3. c4 c5 4. d5 b5 5. Bg5 exd5 6. cxd5 d6 7. e4 a6 8. Nbd2
Be7 9. Bf4 O-O 10. a4 b4 11. Bd3 a5 12. O-O Nbd7 13. Nc4 Nb6 14. Nxb6 Qxb6 15.
Nd2 Ba6 16. Bxa6 Qxa6 17. b3 Rfe8 18. Re1 Rad8 19. Qe2 Qxe2 20. Rxe2 Nh5 21.
Bg3 Bf6 22. Ra2 Rd7 23. Nc4 Nxg3 24. hxg3 Bd8 25. f4 g6 26. Kf2 Kg7 27. g4 Bc7
28. Kf3 Rh8 29. g3 f6 30. Ke3 Rdd8 31. Rh2 Rhe8 32. Kd3 Re7 33. Rae2 Rde8 34.
Re1 Rd7 35. Nd2 Rde7 36. Nf3 Kg8 37. Rhe2 Rd8 38. g5 Kg7 39. gxf6+ Kxf6 40. Kc4
Rde8 41. e5+ Kf5 42. e6 Rg7 43. e7 1-0

[Event "2. Rethymno Open"]
[Site "Rethymno GRE"]
[Date "2010.07.14"]
[Round "2.7"]
[White "Soors, Stef"]
[Black "Volkov, Sergey"]
[Result "0-1"]
[WhiteElo "2259"]
[BlackElo "2597"]
[PlyCount "84"]
[EventDate "2010.07.13"]
[EventType "swiss"]
[EventRounds "9"]
[EventCountry "GRE"]
[Source "lmi"]
[SourceDate "2010.07.13"]

1. e4 e6 2. d4 d5 3. Nd2 Nf6 4. e5 Nfd7 5. Bd3 c5 6. c3 Nc6 7. Ne2 cxd4 8. cxd4
f6 9. exf6 Nxf6 10. O-O Bd6 11. Nf3 O-O 12. Bg5 Bd7 13. Re1 Qb6 14. Nc3 Rae8
15. Bh4 a6 16. Rc1 Bf4 17. Na4 Qa5 18. Nc5 Bxc1 19. Qxc1 Bc8 20. a3 Qc7 21. Bg3
Qd8 22. Nxa6 Nxd4 23. Nxd4 bxa6 24. Qc6 Qd7 25. b4 Qxc6 26. Nxc6 Bd7 27. Nd4 e5
28. Rxe5 Rxe5 29. Bxe5 Ng4 30. f4 Rc8 31. Kf1 Ne3+ 32. Ke2 Nc4 33. Nb3 Bb5 34.
Nc5 Nxa3 35. Ke3 Bxd3 36. Kxd3 a5 37. Na6 a4 38. Nc7 Nc4 39. Nb5 Nxe5+ 40. fxe5
Rc4 41. Nc3 Rxb4 42. Nxd5 Rb2 0-1

[Event "2. Rethymno Open"]
[Site "Rethymno GRE"]
[Date "2010.07.14"]
[Round "2.8"]
[White "Townsend, M Paul"]
[Black "Banikas, Hristos"]
[Result "0-1"]
[WhiteElo "2246"]
[BlackElo "2591"]
[PlyCount "70"]
[EventDate "2010.07.13"]
[EventType "swiss"]
[EventRounds "9"]
[EventCountry "GRE"]
[Source "lmi"]
[SourceDate "2010.07.13"]

1. d4 Nf6 2. c4 g6 3. Nc3 Bg7 4. e4 d6 5. f4 c5 6. d5 O-O 7. Nf3 e6 8. dxe6
fxe6 9. Bd3 Nc6 10. O-O a6 11. Qe1 Bd7 12. Bd2 Nh5 13. Ng5 Nb4 14. Bb1 b5 15.
a3 Nc6 16. cxb5 axb5 17. Nxb5 Qb6 18. a4 Nd4 19. Nxd4 Bxd4+ 20. Kh1 Qxb2 21.
Ra2 Qb3 22. Rf3 Qb7 23. a5 h6 24. Nh3 Bc6 25. Rfa3 Qg7 26. Rb3 c4 27. Rf3 e5
28. fxe5 Bxe5 29. Nf2 Rxf3 30. gxf3 Qf7 31. Qe3 Rb8 32. Bc2 Bf4 33. Qd4 Bxd2
34. Qxd2 Qxf3+ 35. Kg1 Nf4 0-1

[Event "2. Rethymno Open"]
[Site "Rethymno GRE"]
[Date "2010.07.14"]
[Round "2.9"]
[White "Werle, Jan"]
[Black "Malikentzos, Sotirios"]
[Result "1-0"]
[WhiteElo "2585"]
[BlackElo "2239"]
[PlyCount "81"]
[EventDate "2010.07.13"]
[EventType "swiss"]
[EventRounds "9"]
[EventCountry "GRE"]
[Source "lmi"]
[SourceDate "2010.07.13"]

1. d4 d5 2. c4 c6 3. Nf3 Nf6 4. Nc3 e6 5. Bg5 Nbd7 6. e3 Qa5 7. Nd2 Bb4 8. Qc2
O-O 9. Be2 c5 10. Nb3 Qa4 11. Bxf6 Nxf6 12. O-O Bxc3 13. Qxc3 cxd4 14. Nxd4 Ne4
15. Qc1 dxc4 16. Bxc4 Bd7 17. Bd3 Rac8 18. Qe1 Nc5 19. Bc2 Qa6 20. a4 e5 21.
Nf5 Qf6 22. Ng3 Be6 23. Qb4 Qe7 24. Rfd1 Rfd8 25. a5 Qc7 26. h3 g6 27. Qh4 Bb3
28. Rdc1 Qd6 29. Qb4 Qe6 30. Bf5 gxf5 31. Rxc5 Rxc5 32. Qxc5 b6 33. Qc7 Rd7 34.
Qb8+ Kg7 35. axb6 axb6 36. Ra8 f6 37. Ra6 f4 38. exf4 exf4 39. Qxf4 Qc4 40.
Nh5+ Kg6 41. Qxf6+ 1-0

[Event "2. Rethymno Open"]
[Site "Rethymno GRE"]
[Date "2010.07.14"]
[Round "2.10"]
[White "Chulivska, Vita"]
[Black "Postny, Evgeny"]
[Result "0-1"]
[WhiteElo "2231"]
[BlackElo "2577"]
[PlyCount "60"]
[EventDate "2010.07.13"]
[EventType "swiss"]
[EventRounds "9"]
[EventCountry "GRE"]
[Source "lmi"]
[SourceDate "2010.07.13"]

1. e4 c6 2. d4 d5 3. e5 Bf5 4. Nf3 e6 5. Be2 c5 6. Be3 Qb6 7. c4 Qxb2 8. Nbd2
Ne7 9. O-O Nbc6 10. Nb3 Rd8 11. Nxc5 dxc4 12. Bxc4 Nd5 13. Bg5 Bxc5 14. Bxd8
Nc3 15. Qb3 Qxb3 16. axb3 Bb4 17. Bg5 b5 18. Ra6 Kd7 19. d5 exd5 20. Rxc6 Kxc6
21. Nd4+ Kb6 22. Bxb5 Be4 23. Bd7 Bc5 24. Be3 Kb7 25. Kh1 Bb6 26. e6 fxe6 27.
Bxe6 Rd8 28. Bh3 Bxd4 29. Bxd4 Ne2 30. Bc5 Nf4 0-1

[Event "2. Rethymno Open"]
[Site "Rethymno GRE"]
[Date "2010.07.14"]
[Round "2.13"]
[White "Svetushkin, Dmitry"]
[Black "Darmarakis, Mihail"]
[Result "1-0"]
[WhiteElo "2560"]
[BlackElo "2207"]
[PlyCount "85"]
[EventDate "2010.07.13"]
[EventType "swiss"]
[EventRounds "9"]
[EventCountry "GRE"]
[Source "lmi"]
[SourceDate "2010.07.13"]

1. d4 d5 2. c4 c6 3. Nc3 Nf6 4. e3 g6 5. Nf3 Bg7 6. Be2 O-O 7. O-O Nbd7 8. b3
e6 9. Ba3 Re8 10. Bd6 Ne4 11. Nxe4 dxe4 12. Ne5 Bf8 13. Bxf8 Rxf8 14. Qc2 f5
15. f3 Nxe5 16. dxe5 exf3 17. Bxf3 Qc7 18. Qc3 c5 19. Rad1 Bd7 20. Rd6 Rf7 21.
Rfd1 Raf8 22. b4 Bc8 23. b5 g5 24. e4 g4 25. Be2 Qe7 26. Qd2 Qh4 27. exf5 Rxf5
28. Rd8 g3 29. h3 Qe4 30. Rxf8+ Rxf8 31. Qg5+ Kh8 32. Qh6 Kg8 33. Bd3 Qd4+ 34.
Kh1 Rf5 35. Qc1 Rxe5 36. Qb1 Qh4 37. b6 a6 38. Bf1 Qf6 39. Qd3 Rg5 40. Qd8+ Kg7
41. Qxc8 Rf5 42. Qxb7+ Kh6 43. Bd3 1-0

[Event "2. Rethymno Open"]
[Site "Rethymno GRE"]
[Date "2010.07.14"]
[Round "2.19"]
[White "Pap, Misa"]
[Black "Gavasheli, Ana"]
[Result "1-0"]
[WhiteElo "2509"]
[BlackElo "2168"]
[PlyCount "149"]
[EventDate "2010.07.13"]
[EventType "swiss"]
[EventRounds "9"]
[EventCountry "GRE"]
[Source "lmi"]
[SourceDate "2010.07.13"]

1. e4 d6 2. d4 Nf6 3. Nc3 g6 4. Be3 Bg7 5. Qd2 c6 6. f3 b5 7. g4 Nbd7 8. g5 Nh5
9. Nge2 Nb6 10. Ng3 Nxg3 11. hxg3 Nc4 12. Bxc4 bxc4 13. Kf2 Qa5 14. Rh2 Rb8 15.
Rb1 c5 16. b3 cxb3 17. axb3 Qb4 18. Rd1 Be6 19. Ne2 Qxd2 20. Rxd2 cxd4 21. Bxd4
Bxd4+ 22. Nxd4 Bd7 23. Ke3 Kf8 24. Rh1 Kg7 25. Ra1 Rb7 26. Ne2 h6 27. gxh6+
Rxh6 28. Rd5 Rh2 29. Rda5 a6 30. R1a3 Rc7 31. c4 Bc8 32. Rd5 Rg2 33. g4 Rb7 34.
Rd3 Rb6 35. Rd2 f5 36. gxf5 gxf5 37. Nf4 Rxd2 38. Kxd2 Bb7 39. Ke3 fxe4 40.
fxe4 Kf6 41. Nd3 Rc6 42. Ra4 e6 43. Rb4 Bc8 44. Rb8 a5 45. Kd4 Ba6 46. e5+ Ke7
47. c5 d5 48. Nf4 Kd7 49. Ra8 Kc7 50. Ra7+ Kb8 51. Rf7 Bc8 52. Nd3 Rc7 53. Rf8
Kb7 54. b4 Ka6 55. bxa5 Kxa5 56. Rf1 Rh7 57. Ra1+ Kb5 58. Rb1+ Kc6 59. Rb6+ Kc7
60. Nf4 Rh4 61. Ke3 Rh1 62. Nxe6+ Bxe6 63. Rxe6 Rc1 64. Rd6 Rxc5 65. Kf4 Rc1
66. Rxd5 Rf1+ 67. Kg5 Kc6 68. Rd2 Kc7 69. e6 Rf3 70. e7 Re3 71. Kf6 Re1 72. Kf7
Rf1+ 73. Ke8 Rh1 74. Rc2+ Kb7 75. Rc4 1-0